[Event "Rome Elo op 4th"]
[Site "Rome"]
[Date "2009.06.17"]
[Round "7"]
[White "Mulas, Icaro"]
[Black "Felici, Ettore"]
[Result "1-0"]
[WhiteElo "1815"]
[BlackElo "1691"]
[PlyCount "99"]
[EventDate "2009.05.06"]
[EventType "swiss"]
[EventRounds "7"]
[EventCountry "ITA"]
[SourceTitle "EXT 2011"]
[Source "ChessBase"]
[SourceDate "2010.11.26"]
[SourceVersion "1"]
[SourceVersionDate "2010.11.26"]
[SourceQuality "1"]

1. e4 c6 2. d4 d5 3. exd5 cxd5 4. Bd3 Nc6 5. c3 Nf6 6. Ne2 g6 7. 0-0 Bg7 8. Ng3 0-0 9. Bf4 Re8 10. Re1 Ng4 11. f3 e5 12. Bc1 Nh6 13. dxe5 Nxe5 14. Bc2 Bd7 15. Nd2 Qb6+ 16. Kh1 Rad8 17. Nb3 Neg4 18. fxg4 Nxg4 19. Rf1 Nf2+ 20. Rxf2 Qxf2 21. Bd2 Bc6 22. Qg1 Qxg1+ 23. Kxg1 h5 24. Bg5 Rd7 25. Bd3 d4 26. c4 b6 27. Rf1 Re6 28. c5 Bd5 29. cxb6 axb6 30. Rc1 Rc6 31. Rd1 Re6 32. Rc1 Rc6 33. Rd1 Rc8 34. Re1 Ra7 35. Nc1 Bc4 36. Bb1 d3 37. b3 Bc3 38. Rd1 d2 39. bxc4 dxc1Q 40. Rxc1 Bd4+ 41. Kf1 Ra5 42. Bd2 Rac5 43. Ne2 Be5 44. h3 Rxc4 45. Rxc4 Rxc4 46. Bd3 Ra4 47. Bb1 b5 48. Nc1 Rd4 49. Nb3 Bf4 50. Nxd4 1-0

[Event "Rome Elo op 4th"]
[Site "Rome"]
[Date "2009.05.27"]
[Round "4"]
[White "Felici, Ettore"]
[Black "Casella, Carlo"]
[Result "1-0"]
[WhiteElo "1691"]
[BlackElo "1607"]
[PlyCount "59"]
[EventDate "2009.05.06"]
[EventType "swiss"]
[EventRounds "7"]
[EventCountry "ITA"]
[SourceTitle "EXT 2011"]
[Source "ChessBase"]
[SourceDate "2010.11.26"]
[SourceVersion "1"]
[SourceVersionDate "2010.11.26"]
[SourceQuality "1"]

1. Nf3 d5 2. e3 Nc6 3. d4 Nf6 4. Nbd2 e6 5. c3 Bd6 6. Bd3 0-0 7. 0-0 Re8 8. Qc2 h6 9. e4 dxe4 10. Nxe4 Nxe4 11. Bxe4 Bd7 12. Bd2 Rb8 13. a3 Qf6 14. Be3 a6 15. c4 Bf4 16. Rad1 Bxe3 17. fxe3 Qe7 18. Bxc6 bxc6 19. Ne5 Rf8 20. Rf2 Be8 21. Rdf1 c5 22. Ng6 fxg6 23. Rxf8+ Qxf8 24. Rxf8+ Kxf8 25. dxc5 Kg8 26. b4 Kh7 27. Qe4 Bd7 28. c6 Bc8 29. Qe5 Rb6 30. Qxc7 1-0

[Event "Rome Elo op 3rd"]
[Site "Rome"]
[Date "2009.04.08"]
[Round "5"]
[White "Felici, Ettore"]
[Black "Colantonio, Marco"]
[Result "1-0"]
[WhiteElo "1691"]
[BlackElo "1695"]
[PlyCount "55"]
[EventDate "2009.03.11"]
[EventType "swiss"]
[EventRounds "6"]
[EventCountry "ITA"]
[SourceTitle "EXT 2011"]
[Source "ChessBase"]
[SourceDate "2010.11.26"]
[SourceVersion "1"]
[SourceVersionDate "2010.11.26"]
[SourceQuality "1"]

1. c4 c5 2. Nc3 Nc6 3. Nf3 Nf6 4. d4 cxd4 5. Nxd4 g6 6. e4 d6 7. Be2 Bg7 8. 0-0 0-0 9. Be3 Bd7 10. f4 e5 11. Ndb5 exf4 12. Bxf4 Qb6+ 13. Kh1 Rad8 14. Bxd6 Rfe8 15. Bc7 Qc5 16. Bxd8 Rxd8 17. Qd6 Qg5 18. Qf4 Qc5 19. Rad1 a6 20. Nd6 Nd4 21. e5 Ne6 22. Qg3 Bc6 23. exf6 Bf8 24. Nde4 Qb6 25. Rxd8 Qxd8 26. Rd1 Qb6 27. b3 Nd4 28. Qf2 1-0